Roi de France : saint Louis - Statistiques

Statistiques générales
  • Ce quiz a été pris 112 fois
  • Le résultat moyen est 11 sur 20
Statistiques - réponses
Questions Réponses % Correct
Chiffre associé au nom du roi Louis, avant sa canonisation. IX
97%
Siècle au cours duquel vécut saint Louis. Le XIIIe siècle
96%
Arbre sous lequel saint Louis rendait la justice. Le chêne
83%
Mère de saint Louis. Blanche de Castille
74%
"Plus vieux métier du monde" rendu également illégal par saint Louis. La prostitution
71%
Objet cubique, accessoire de jeux d'argent. Saint Louis ayant interdit les jeux d'argent pour moraliser son peuple, il interdisait aussi la fabrication même de ces objets-là. Le dé
70%
Croisades auxquelles participa saint Louis. La huitième
63%
Croisades auxquelles participa saint Louis. La septième
63%
Relique de Jésus Christ que saint Louis acheta au dernier Empereur latin de Constantinople Baudouin II de Courtenay, relique qui a miraculeusement survécu à l'incendie de Notre-Dame de Paris en 2019. La sainte Couronne d'épine
62%
Hérésie très présente dans le sud-ouest de la France que saint Louis combattit fermement. Le catharisme
54%
Principe juridique instauré par la "Grande Ordonnance" de saint Louis (1254), principe selon lequel un individu n'est pas considéré comme coupable tant que la preuve de sa culpabilité n'a pas été apportée. La présomption d'innocence
52%
Rémunération d'un prêt, également interdite par saint Louis. L'intérêt
51%
Ville de Camargue fortifiée par saint Louis. Il la dota d'un port et de remparts. C'est de ce port qu'il partit à deux reprises en croisade. Aigues-Mortes
40%
Fleuve sur les rives duquel les pionniers de l'Amérique française établirent un poste de traite des fourrures en 1764, qui deviendra la grande ville américaine de Saint Louis. Le fleuve lui-même fut un temps appelé "Saint Louis" également. Le Mississippi
40%
Livre considéré comme sacré par les Juifs et qui insulte le Christ en le présentant comme un bâtard, fils d'une Juive et d'un soldat de l'armée romaine. Saint Louis en fit brûler de nombreux exemplaires en Place de Grève, en 1242. Le Talmud
38%
Provinces de l'ouest de la France frontalières de la Bretagne où les Juifs étaient violentés et saint Louis poursuivit leurs agresseurs. L'Anjou
36%
Provinces de l'ouest de la France frontalières de la Bretagne où les Juifs étaient violentés et saint Louis poursuivit leurs agresseurs. Le Maine
29%
Hospice fondé par saint Louis, près de la porte Saint-Honoré, destiné à recueillir les aveugles miséreux de Paris. Dès sa fondation, l'établissement reçut de nombreux privilèges de la part du roi et des autorités ecclésiastiques. Il est devenu aujourd'hui un centre hospitalier national d’ophtalmologie à la rue de Charenton. L'Hospice des Quinze-Vingts
27%
Surnom de saint Louis (en dehors de son titre de "saint"). Le Prudhomme
24%
Pape qui canonisa saint Louis avant d'être victime d'un attentat perpétré par les hommes de Philippe le Bel. Boniface VIII
20%
Aucun quiz correspondant
Distribution des résultats
% des personnes avec chaque résultat
Percentile par nombre de réponses
Votre historique - résultats
Vous n’avez pas pris ce quiz